00281nam a2200097Ia 4500008004100000082001200041100003000053245008500083260000600168300000900174190415s9999 xx 000 0 und d aRN.0083 aBasu, Sudip Ranjan,jt.au. 0aWeighting socio-economic indicators of human development (A latent variable appr c0 a54p.